FARMAKOEKONOMIKA LIEČBY PĽÚCNEJ ARTERIÁLNEJ HYPERTENZIE

Bibliographic Details
Main Authors: Janeková, Etela (Author), Šimková, Iveta, 1956- (Author)
Format: Article
Language:Slovak

MARC

LEADER 00000nab a2200000ua 4500
001 vtls010838083
003 SK-MaSNL
005 20260303103545.0
008 230121s2005 xo |||||||||||||||||slo|
035 |a (urnnbn)urn:nbn:sk:snk:ar-a06v35 
035 |a urn:nbn:sk:snk-ab61f6 
035 |a (uuid)5a0c0f9e-be49-4584-8a40-b4116b980de9 
040 |a SNKBUCL  |b slo  |c SNKBUCL  |e AACR2 
041 0 |a slo 
044 |a xo  |c SK 
100 1 |a Janeková, Etela  |4 aut  |9 449461 
245 1 0 |a FARMAKOEKONOMIKA LIEČBY PĽÚCNEJ ARTERIÁLNEJ HYPERTENZIE  |c Etela Janeková, Iveta Šimková 
700 1 |a Šimková, Iveta,  |d 1956-  |4 aut  |9 207560 
773 0 |t Farmakoekonomika a lieková politika : oficiálny časopis Slovenskej spoločnosti pre farmakoekonomiku  |g Roč. 1, č. 3 (2005), s. 26-27 
954 |a odborná, vedecká literatúra pôvodná (slovenská)  |2 lita 
958 |a OND 
958 |a EUIPO 
958 |a article5 
999 |c 1850413  |d 1852343